Výpočet skratových prúdov

Enregistré dans:
Détails bibliographiques
Auteur principal: Seredenko, Kyrylo (Auteur)
Autres auteurs: Eleschová, Žaneta (Directeur de thèse)
Format: Manuscrit Livre
Langue:slovaque
Publié: Bratislava: STU v Bratislave FEI, 2025
Sujets:
Accès en ligne:https://opac.crzp.sk/?fn=detailBiblioFormChildW11QOV5&sid=BA75C2D62745AD5726E9969ED92F&seo=CRZP-detail-kniha
Tags: Ajouter un tag
Pas de tags, Soyez le premier à ajouter un tag!

MARC

LEADER 00000ntm a22000003a 4500
001 stuzp101828
003 SK-STU
005 20260203100447.3
007 ta
008 150427s2015----xo-----f-mn---000-0-slo-d
040 |a STU  |b slo 
041 0 |a slo 
044 |a xo 
100 1 |a Seredenko, Kyrylo  |u 032000  |4 aut  |U FEI Fakulta elektrotechniky a informatiky  |T FEI Ústav elektroenergetiky a aplikovanej elektrotechniky  |X 122822  |U E020  |Y 548  |7 122822 
242 0 1 |a Calculation of Short-Circuit Currents  |y eng 
245 1 0 |a Výpočet skratových prúdov 
260 |a Bratislava:  |b STU v Bratislave FEI,  |c 2025 
300 |a 83 s. 
650 4 |a Skratový prúd  |2 slo 
650 4 |a Synchrónny generátor  |2 slo 
650 4 |a Simulácia  |2 slo 
650 4 |a STN EN 60909  |2 slo 
650 4 |a Asynchrónny motor  |2 slo 
650 4 |a Fotovoltická elektráreň  |2 slo 
650 4 |a Short-circuit current  |2 eng 
650 4 |a Synchronous generator  |2 eng 
650 4 |a Asynchronous motor  |2 eng 
650 4 |a Photovoltaic power plant  |2 eng 
650 4 |a Simulation  |2 eng 
650 4 |a STN EN 60909  |2 eng 
700 1 |a Eleschová, Žaneta  |u 032000  |k Z1  |4 ths  |U FEI Fakulta elektrotechniky a informatiky  |T FEI Ústav elektroenergetiky a aplikovanej elektrotechniky  |X 1875  |U E020  |Y 548  |7 A000001875 
856 4 |u https://opac.crzp.sk/?fn=detailBiblioFormChildW11QOV5&sid=BA75C2D62745AD5726E9969ED92F&seo=CRZP-detail-kniha